[Event "España ch-2015 sub-18"]
[Site "Salobrena ESP"]
[Date "2015.07.29"]
[Round "4.19"]
[White "Aymerich Verdaguer, Eduard"]
[Black "Alfaro Garcia del Cerro, Juan L"]
[Result "1-0"]
[WhiteElo "2091"]
[BlackElo "1872"]
[PlyCount "37"]
[EventDate "2015.07.27"]
[EventType "swiss"]
[EventRounds "9"]
[EventCountry "ESP"]
[Source "lmi"]
[SourceDate "2015.07.27"]

1. d4 Nf6 2. Nf3 e6 3. g3 d5 4. Bg2 b5 5. a4 b4 6. O-O Nbd7 7. c4 bxc3 8. Nxc3
Bd6 9. e4 Nxe4 10. Nxe4 dxe4 11. Ng5 Nf6 12. Nxe4 Nxe4 13. Bxe4 Ba6 14. Bc6+
Kf8 15. Re1 h5 16. Qf3 Rb8 17. Rxe6 Be7 18. Bd5 Bf6 19. Rxa6 1-0

[Event "España ch-2015 sub-18"]
[Site "Salobrena ESP"]
[Date "2015.07.29"]
[Round "4.20"]
[White "Ventura Bolet, Maxim"]
[Black "Rodriguez Garcia, Miguel"]
[Result "1-0"]
[WhiteElo "2080"]
[BlackElo "1695"]
[PlyCount "118"]
[EventDate "2015.07.27"]
[EventType "swiss"]
[EventRounds "9"]
[EventCountry "ESP"]
[Source "lmi"]
[SourceDate "2015.07.27"]

1. Nf3 d5 2. c4 c6 3. e3 Nf6 4. Nc3 dxc4 5. Bxc4 Bf5 6. Qb3 Qb6 7. Bxf7+ Kd8 8.
Be6 Qxb3 9. Bxb3 g6 10. e4 Bd7 11. e5 Ne8 12. d4 Nc7 13. Ng5 Be8 14. h4 Nd7 15.
Be3 Nb6 16. Rc1 Rc8 17. Nce4 Nbd5 18. Nc5 b6 19. Nge6+ Nxe6 20. Nxe6+ Kd7 21.
Bxd5 cxd5 22. Rxc8 Kxc8 23. h5 gxh5 24. Nf4 Rg8 25. Rh2 Bf7 26. e6 Bg6 27. f3
Kc7 28. Nxd5+ Kd6 29. Nc3 Kxe6 30. Rh4 Kd7 31. d5 Kc8 32. Rc4+ Kb7 33. Bf4 Bf5
34. Rc7+ Ka6 35. Kf2 Rg6 36. a4 e5 37. Be3 Bd6 38. Rf7 Bd3 39. g3 Rg8 40. a5
Rf8 41. Rd7 Bb4 42. axb6 axb6 43. Na2 Bc5 44. Bxc5 bxc5 45. Ke3 e4 46. fxe4 c4
47. Nb4+ Kb5 48. Nxd3 cxd3 49. Kxd3 Rf3+ 50. Kd4 Rxg3 51. Rb7+ Ka4 52. Rxh7 Rh3
53. d6 Rh1 54. Ke5 Kb5 55. Ke6 Kc6 56. e5 h4 57. Ke7 Re1 58. e6 Rd1 59. d7 Kd5
1-0

[Event "España ch-2015 sub-18"]
[Site "Salobrena ESP"]
[Date "2015.07.29"]
[Round "4.21"]
[White "Martin Iribar, Ander"]
[Black "Fernandez Alvarez, Luis"]
[Result "1/2-1/2"]
[WhiteElo "1935"]
[BlackElo "2059"]
[PlyCount "56"]
[EventDate "2015.07.27"]
[EventType "swiss"]
[EventRounds "9"]
[EventCountry "ESP"]
[Source "lmi"]
[SourceDate "2015.07.27"]

1. d4 Nf6 2. c4 d6 3. Nf3 g6 4. Nc3 Bf5 5. d5 Bg7 6. Nd4 Bd7 7. e4 c5 8. Nc2
O-O 9. h3 a6 10. a4 e5 11. Bg5 h6 12. Be3 Ne8 13. Qc1 Kh7 14. h4 Nc7 15. h5 g5
16. Be2 Qc8 17. a5 Ne8 18. f3 Nf6 19. g4 Qc7 20. O-O Bc8 21. Na4 Nbd7 22. b4
Re8 23. Qd2 Bf8 24. Rfd1 Rb8 25. b5 Be7 26. b6 Qd8 27. Kh1 Bf8 28. Kg1 Be7
1/2-1/2

[Event "España ch-2015 sub-18"]
[Site "Salobrena ESP"]
[Date "2015.07.29"]
[Round "4.22"]
[White "Porlan Minarro, Antonio"]
[Black "Laseca Arana, Irati"]
[Result "1-0"]
[WhiteElo "2040"]
[BlackElo "1597"]
[PlyCount "121"]
[EventDate "2015.07.27"]
[EventType "swiss"]
[EventRounds "9"]
[EventCountry "ESP"]
[Source "lmi"]
[SourceDate "2015.07.27"]

1. e4 c5 2. Nf3 e6 3. d4 cxd4 4. Nxd4 Nf6 5. Nc3 Nc6 6. Nxc6 bxc6 7. Bd3 Be7 8.
O-O a5 9. Qe2 d5 10. b3 Nd7 11. Na4 Ne5 12. Bb2 Nxd3 13. cxd3 O-O 14. Rac1 Ba6
15. Rfd1 Bb5 16. Nc3 Ba6 17. Na4 Bb5 18. Nc3 Ba6 19. Qg4 Bf6 20. Na4 Bxb2 21.
Nxb2 Qd6 22. Na4 Qa3 23. exd5 cxd5 24. Nb6 Ra7 25. Qa4 Qb4 26. Qc6 Bb5 27. Qc5
Rb7 28. Nc8 h6 29. Nd6 Rbb8 30. d4 Bd7 31. Qc7 Rfd8 32. Rc5 Qb6 33. Rdc1 Qb4
34. Rxa5 Rbc8 35. Nxc8 Rxc8 36. Qxc8+ Bxc8 37. Ra8 Qxd4 38. g3 Qb2 39. Raxc8+
Kh7 40. R8c2 Qa3 41. Rb1 d4 42. b4 e5 43. Rb3 Qa8 44. b5 Qe4 45. Rc1 d3 46. Rd1
d2 47. Rbb1 Qd3 48. b6 e4 49. b7 e3 50. b8=Q e2 51. Qb2 exd1=Q+ 52. Rxd1 Qf3
53. Qxd2 f5 54. a4 h5 55. h4 Kh8 56. Qc2 Qg4 57. a5 Kh7 58. a6 Kh6 59. a7 f4
60. Rd6+ g6 61. a8=Q 1-0

[Event "España ch-2015 sub-18"]
[Site "Salobrena ESP"]
[Date "2015.07.29"]
[Round "4.23"]
[White "Abal Cores, Lucas"]
[Black "Redondo Benavente, Jose Carlos"]
[Result "1-0"]
[WhiteElo "2373"]
[BlackElo "1988"]
[PlyCount "131"]
[EventDate "2015.07.27"]
[EventType "swiss"]
[EventRounds "9"]
[EventCountry "ESP"]
[Source "lmi"]
[SourceDate "2015.07.27"]

1. e4 b6 2. d4 Bb7 3. Nc3 e6 4. Bd3 Nf6 5. Nf3 Bb4 6. Qe2 d5 7. e5 Ne4 8. O-O
Nxc3 9. bxc3 Bxc3 10. Rb1 Nc6 11. Qe3 Bb4 12. c3 Bxc3 13. Ba3 Ba5 14. Rfc1 a6
15. Qf4 h6 16. Qg4 g6 17. Bxg6 Qd7 18. Bh5 O-O-O 19. Qg7 Rdg8 20. Qxf7 Nd8 21.
Qf4 Qg7 22. g3 Bc6 23. Ne1 Qg5 24. Qxg5 hxg5 25. Bg4 Bb5 26. Rb2 Kd7 27. Ng2
Nf7 28. Ne3 Nh6 29. Rbc2 c6 30. Kg2 Rc8 31. Be2 Bxe2 32. Rxe2 Rhg8 33. h3 Nf7
34. Ng4 Rg6 35. Rec2 Nd8 36. Nf6+ Kc7 37. Be7 c5 38. Bxc5 Kb7 39. Ne8 Nf7 40.
Nd6+ Nxd6 41. Bxd6 Rxc2 42. Rxc2 b5 43. Kf3 Bb6 44. Bc5 a5 45. Kg4 Rg8 46. f4
gxf4+ 47. Kxf4 b4 48. h4 Rc8 49. h5 Bxc5 50. dxc5 Kc6 51. h6 a4 52. g4 b3 53.
axb3 axb3 54. Rb2 Kxc5 55. Rxb3 Rf8+ 56. Ke3 Rg8 57. h7 Rxg4 58. h8=Q Rg3+ 59.
Kf4 Rxb3 60. Qc8+ Kd4 61. Qxe6 Rb1 62. Qg4 Rf1+ 63. Kg5+ Ke3 64. e6 Re1 65. e7
Kd2 66. Qb4+ 1-0

[Event "España ch-2015 sub-18"]
[Site "Salobrena ESP"]
[Date "2015.07.29"]
[Round "4.24"]
[White "Shen, Yue"]
[Black "Lozano Osorio, Isaac"]
[Result "1-0"]
[WhiteElo "2248"]
[BlackElo "1987"]
[PlyCount "83"]
[EventDate "2015.07.27"]
[EventType "swiss"]
[EventRounds "9"]
[EventCountry "ESP"]
[Source "lmi"]
[SourceDate "2015.07.27"]

1. d4 Nf6 2. c4 e6 3. g3 b6 4. Bg2 d5 5. Nf3 Bb4+ 6. Nc3 O-O 7. Qa4 Bxc3+ 8.
bxc3 Ne4 9. Qc2 Nd7 10. O-O Bb7 11. cxd5 exd5 12. c4 c6 13. Nh4 Re8 14. Ba3 Qf6
15. cxd5 cxd5 16. Qc7 Bc6 17. Rac1 Rec8 18. Qf4 Qxf4 19. gxf4 g6 20. Rfe1 f5
21. Bf3 Bb7 22. Bxe4 fxe4 23. f5 g5 24. Ng2 Rxc1 25. Bxc1 h6 26. Ne3 Nf6 27.
Ba3 Kf7 28. Kg2 Rc8 29. h4 Rg8 30. Rc1 Rc8 31. Re1 Rg8 32. Bd6 Rd8 33. Be5 Nd7
34. Bg3 Nf6 35. hxg5 hxg5 36. Be5 Rg8 37. Rh1 Ba6 38. Rh6 Ne8 39. Rh7+ Kf8 40.
Nxd5 Bxe2 41. Ne7 Ng7 42. Nxg8 1-0

[Event "España ch-2015 sub-18"]
[Site "Salobrena ESP"]
[Date "2015.07.29"]
[Round "4.25"]
[White "Martinez Hernandez, Paula"]
[Black "Pozanco Romasanta, Marc"]
[Result "1/2-1/2"]
[WhiteElo "1714"]
[BlackElo "2121"]
[PlyCount "104"]
[EventDate "2015.07.27"]
[EventType "swiss"]
[EventRounds "9"]
[EventCountry "ESP"]
[Source "lmi"]
[SourceDate "2015.07.27"]

1. e4 e5 2. Nf3 Nc6 3. d4 exd4 4. Nxd4 Nxd4 5. Qxd4 Qf6 6. Be3 Qxd4 7. Bxd4 Ne7
8. Bc4 Nc6 9. Be3 Bb4+ 10. c3 Be7 11. Nd2 d6 12. O-O Ne5 13. Be2 Ng4 14. Bxg4
Bxg4 15. h3 Bd7 16. Rac1 O-O 17. c4 f5 18. exf5 Rxf5 19. Nb3 c5 20. Rcd1 b6 21.
Nc1 Rd8 22. Rfe1 Kf8 23. Ne2 g5 24. Ng3 Re5 25. f4 gxf4 26. Bxf4 Rxe1+ 27. Rxe1
Kf7 28. Rxe7+ Kxe7 29. Bg5+ Ke8 30. Bxd8 Kxd8 31. Ne4 Kc7 32. Kf2 Be6 33. b3
Kc6 34. Ke3 a6 35. g4 b5 36. Kd3 d5 37. cxd5+ Bxd5 38. Nf6 Bf7 39. h4 Bg6+ 40.
Ke3 a5 41. h5 Bb1 42. a3 Bc2 43. g5 Bxb3 44. Nxh7 Kd6 45. Nf6 Ke7 46. h6 Kf7
47. Nd7 c4 48. Ne5+ Kg8 49. Kd4 Bc2 50. Kc5 Bf5 51. Kd4 Kh7 52. Kc3 Be4 1/2-1/2

[Event "España ch-2015 sub-18"]
[Site "Salobrena ESP"]
[Date "2015.07.29"]
[Round "4.26"]
[White "Gonzalez Fernandez, Pedro"]
[Black "Porta Tovar, Oriol"]
[Result "1/2-1/2"]
[WhiteElo "1825"]
[BlackElo "2084"]
[PlyCount "69"]
[EventDate "2015.07.27"]
[EventType "swiss"]
[EventRounds "9"]
[EventCountry "ESP"]
[Source "lmi"]
[SourceDate "2015.07.27"]

1. e4 e5 2. Nf3 Nc6 3. Nc3 Nf6 4. d4 exd4 5. Nd5 Nxd5 6. exd5 Bb4+ 7. Bd2 Qe7+
8. Qe2 Bxd2+ 9. Kxd2 d3 10. Qxe7+ Nxe7 11. d6 cxd6 12. Nd4 O-O 13. Bxd3 b6 14.
Rhe1 Nc6 15. Be4 Ba6 16. Nf5 Rfe8 17. Bd5 Re5 18. Ne7+ Kf8 19. Rxe5 dxe5 20.
Nxc6 dxc6 21. Bxc6 Rd8+ 22. Ke1 g6 23. Rd1 Rc8 24. Ba4 Rc4 25. Rd8+ Kg7 26. Bb3
Re4+ 27. Kd1 Rd4+ 28. Rxd4 exd4 29. Kd2 f5 30. c3 dxc3+ 31. Kxc3 Kf6 32. Kd4 f4
33. Bc4 Bb7 34. Bd5 Ba6 35. Bc4 1/2-1/2

[Event "España ch-2015 sub-18"]
[Site "Salobrena ESP"]
[Date "2015.07.29"]
[Round "4.27"]
[White "Lacruz Algarate, Alvaro"]
[Black "Cribilles Perez, Carlos"]
[Result "1-0"]
[WhiteElo "2072"]
[BlackElo "1844"]
[PlyCount "55"]
[EventDate "2015.07.27"]
[EventType "swiss"]
[EventRounds "9"]
[EventCountry "ESP"]
[Source "lmi"]
[SourceDate "2015.07.27"]

1. e4 c5 2. Nf3 Nc6 3. Bb5 g6 4. Bxc6 dxc6 5. d3 Bg7 6. h3 e5 7. Be3 Qe7 8. O-O
Nf6 9. Qd2 O-O 10. Nc3 Re8 11. b3 b6 12. Bh6 Bh8 13. Rae1 a5 14. a4 Nd7 15. Nh2
Nf8 16. Ne2 Ne6 17. Kh1 Ba6 18. f4 exf4 19. Nxf4 Nd4 20. Ng4 Bc8 21. Nxg6 hxg6
22. Bg5 f6 23. Bxf6 Bxf6 24. Nxf6+ Kg7 25. Qg5 Ne6 26. Qe5 Kh6 27. Nxe8 Qxe8
28. Rf4 1-0

[Event "España ch-2015 sub-18"]
[Site "Salobrena ESP"]
[Date "2015.07.29"]
[Round "4.28"]
[White "Garcia Martinez, Marcos"]
[Black "Soriano Gracia, Manuel"]
[Result "1/2-1/2"]
[WhiteElo "2044"]
[BlackElo "1844"]
[PlyCount "61"]
[EventDate "2015.07.27"]
[EventType "swiss"]
[EventRounds "9"]
[EventCountry "ESP"]
[Source "lmi"]
[SourceDate "2015.07.27"]

1. d4 d5 2. g3 Nf6 3. c4 e6 4. Nf3 dxc4 5. Bg2 c5 6. O-O Nc6 7. Qa4 Nd5 8. dxc5
Bxc5 9. Qxc4 Qe7 10. Nc3 Nxc3 11. Qxc3 O-O 12. a3 Rd8 13. Be3 Bxe3 14. Qxe3 Bd7
15. Rac1 Rac8 16. b4 b6 17. Rc3 f6 18. Rfc1 Qe8 19. Bh3 e5 20. Bxd7 Qxd7 21.
Rd3 Qe6 22. Rxd8+ Nxd8 23. Rxc8 Qxc8 24. Qd3 Ne6 25. Qd5 Kf7 26. Kg2 Qd8 27.
Qc4 Qc7 28. Qd5 Qd8 29. Qc4 Qc7 30. Qd5 Qd8 31. Ng1 1/2-1/2

[Event "España ch-2015 sub-18"]
[Site "Salobrena ESP"]
[Date "2015.07.29"]
[Round "4.29"]
[White "Barranco Mananet, Fernando"]
[Black "Bernal Gomez, Alejandro"]
[Result "1/2-1/2"]
[WhiteElo "1598"]
[BlackElo "2044"]
[PlyCount "73"]
[EventDate "2015.07.27"]
[EventType "swiss"]
[EventRounds "9"]
[EventCountry "ESP"]
[Source "lmi"]
[SourceDate "2015.07.27"]

1. c4 c5 2. Nf3 Nc6 3. Nc3 g6 4. g3 Bg7 5. Bg2 d6 6. O-O e6 7. e3 Nge7 8. b3
O-O 9. Bb2 d5 10. cxd5 exd5 11. d4 cxd4 12. Nxd4 Nxd4 13. exd4 Be6 14. Ne2 Bg4
15. h3 Bf5 16. Re1 Be4 17. Bxe4 dxe4 18. Nf4 f5 19. Ne6 Qd6 20. Nxf8 Rxf8 21.
Qe2 Nd5 22. Qc4 Kh8 23. Ba3 Qxa3 24. Qxd5 Qb4 25. Qc4 Qxc4 26. bxc4 Bxd4 27.
Rab1 Bb6 28. Kg2 Rc8 29. Rec1 Rc7 30. a4 Kg7 31. Rb5 Bc5 32. Rcb1 b6 33. a5 Rd7
34. axb6 axb6 35. R5b2 Kf6 36. Kf1 Rd3 37. Rc2 1/2-1/2

[Event "España ch-2015 sub-18"]
[Site "Salobrena ESP"]
[Date "2015.07.29"]
[Round "4.30"]
[White "Gonzalez Benavides, Pilar"]
[Black "Garcia Porlan, Beatriz"]
[Result "0-1"]
[WhiteElo "1673"]
[BlackElo "2006"]
[PlyCount "78"]
[EventDate "2015.07.27"]
[EventType "swiss"]
[EventRounds "9"]
[EventCountry "ESP"]
[Source "lmi"]
[SourceDate "2015.07.27"]

1. e4 c5 2. Nf3 Nf6 3. Nc3 d5 4. exd5 Nxd5 5. Nxd5 Qxd5 6. d4 e6 7. Bb5+ Nc6 8.
c4 Qe4+ 9. Be3 cxd4 10. Qxd4 Bb4+ 11. Kf1 Qxd4 12. Nxd4 Bd7 13. Nxc6 Bxc6 14.
Bxc6+ bxc6 15. Ke2 Ke7 16. Rhd1 Rhd8 17. Bf4 f6 18. a3 Bc5 19. Bc7 Rxd1 20.
Rxd1 a5 21. Bf4 e5 22. Be3 Bxe3 23. Kxe3 Rb8 24. Rb1 Rb3+ 25. Kd2 Kd6 26. Kc2
a4 27. Rd1+ Kc7 28. Rd3 Rxd3 29. Kxd3 Kb6 30. Kc3 Kc5 31. b4+ axb3 32. Kxb3 f5
33. a4 Kb6 34. h4 g6 35. g3 c5 36. f3 h5 37. Kc3 Ka5 38. f4 e4 39. Kb3 e3 0-1

[Event "España ch-2015 sub-18"]
[Site "Salobrena ESP"]
[Date "2015.07.29"]
[Round "4.31"]
[White "Martin Fito, Angel Luis"]
[Black "Olivares Romero, Sara"]
[Result "0-1"]
[WhiteElo "1586"]
[BlackElo "1954"]
[PlyCount "80"]
[EventDate "2015.07.27"]
[EventType "swiss"]
[EventRounds "9"]
[EventCountry "ESP"]
[Source "lmi"]
[SourceDate "2015.07.27"]

1. b3 e5 2. Bb2 Nc6 3. e3 Nf6 4. Nf3 e4 5. Nd4 Nxd4 6. Bxd4 d5 7. d3 Bd6 8.
dxe4 dxe4 9. Bc4 Qe7 10. Nd2 Be5 11. Nf1 O-O 12. Bxe5 Qxe5 13. Qd4 Qa5+ 14. Qd2
Qg5 15. Ng3 Bg4 16. h3 Rad8 17. Qc3 Bd7 18. O-O-O c6 19. Rd6 b5 20. Be2 Nd5 21.
Qd4 Qe7 22. Nxe4 f5 23. Rxd5 cxd5 24. Nc5 Bc6 25. Kb1 a5 26. Rd1 b4 27. Bf3 Qf6
28. Qd3 Qe5 29. Qa6 Rd6 30. Qxa5 Qc3 31. Nd3 Rb8 32. Qc7 Rdd8 33. Ne5 Rbc8 34.
Qf7+ Kh8 35. Qxf5 Rf8 36. Qh5 Be8 37. Qg5 Qxc2+ 38. Ka1 Ra8 39. a4 Qxb3 40.
Bxd5 Rxa4# 0-1

[Event "España ch-2015 sub-18"]
[Site "Salobrena ESP"]
[Date "2015.07.29"]
[Round "4.32"]
[White "Perez Pacheco, Ricardo"]
[Black "Zuñiga Arraras, Marina"]
[Result "1-0"]
[WhiteElo "2033"]
[BlackElo "1781"]
[PlyCount "94"]
[EventDate "2015.07.27"]
[EventType "swiss"]
[EventRounds "9"]
[EventCountry "ESP"]
[Source "lmi"]
[SourceDate "2015.07.27"]

1. Nc3 c5 2. Nf3 Nc6 3. e4 g6 4. d4 cxd4 5. Nxd4 Bg7 6. Be3 Nf6 7. Nxc6 bxc6 8.
e5 Ng8 9. Bd4 Nh6 10. e6 O-O 11. Bxg7 Kxg7 12. Qd4+ Kg8 13. exd7 Bxd7 14. O-O-O
Bg4 15. f3 Qxd4 16. Rxd4 Be6 17. g4 Rfd8 18. Rxd8+ Rxd8 19. Bd3 Kf8 20. h4 Ng8
21. g5 Bd5 22. Ne4 f5 23. Nd2 e5 24. Re1 Re8 25. c4 Bf7 26. Kc2 Re7 27. Kc3 Ke8
28. b4 Kd7 29. a4 Kc7 30. Nb3 h6 31. Na5 Kb6 32. c5+ Kc7 33. Nc4 Bd5 34. Nxe5
hxg5 35. hxg5 Re6 36. f4 Ne7 37. b5 Bg2 38. Bc4 Bd5 39. bxc6 Bxc4 40. Kxc4 Nxc6
41. Kd5 Re8 42. Rh1 Nxe5 43. fxe5 Re7 44. Rh6 Rg7 45. e6 a5 46. Ke5 Kc6 47. Kf6
Kd5 1-0

[Event "España ch-2015 sub-18"]
[Site "Salobrena ESP"]
[Date "2015.07.29"]
[Round "4.34"]
[White "Redondo Benavente, Ana"]
[Black "Gallego Sosa, Clara"]
[Result "1-0"]
[WhiteElo "1920"]
[BlackElo "1723"]
[PlyCount "73"]
[EventDate "2015.07.27"]
[EventType "swiss"]
[EventRounds "9"]
[EventCountry "ESP"]
[Source "lmi"]
[SourceDate "2015.07.27"]

1. e4 c5 2. c3 e6 3. d4 d5 4. exd5 exd5 5. Nf3 Nc6 6. Be2 Bd6 7. dxc5 Bxc5 8.
O-O Nge7 9. Nbd2 O-O 10. Nb3 Bb6 11. Bf4 Ng6 12. Bg3 Re8 13. Re1 Bf5 14. Qd2
Qf6 15. Rad1 Rad8 16. Nbd4 Be4 17. h4 Nxd4 18. cxd4 Bxf3 19. Bxf3 Rxe1+ 20.
Qxe1 Nxh4 21. Bxd5 Nf5 22. Be5 Qh4 23. Bxb7 Nxd4 24. g3 Qh5 25. Bxd4 Bxd4 26.
Rxd4 Rb8 27. Rd7 Qg5 28. Re7 Qb5 29. Bd5 Rf8 30. Bb3 a5 31. Qe4 Qc5 32. Qe3 Qb5
33. Bxf7+ Kh8 34. Re8 Qb4 35. Rxf8+ Qxf8 36. Qe8 Qxe8 37. Bxe8 1-0

[Event "España ch-2015 sub-18"]
[Site "Salobrena ESP"]
[Date "2015.07.29"]
[Round "4.35"]
[White "Hidalgo Gracia, Andres"]
[Black "Bustos Bernardo, Samuel"]
[Result "1/2-1/2"]
[WhiteElo "1772"]
[BlackElo "1917"]
[PlyCount "65"]
[EventDate "2015.07.27"]
[EventType "swiss"]
[EventRounds "9"]
[EventCountry "ESP"]
[Source "lmi"]
[SourceDate "2015.07.27"]

1. c4 e5 2. Nc3 Nf6 3. g3 Bc5 4. Bg2 O-O 5. e3 Nc6 6. Nge2 d6 7. d4 exd4 8.
exd4 Bb6 9. h3 Bf5 10. O-O Qd7 11. Kh2 Rfe8 12. Be3 Rab8 13. a3 a5 14. c5 dxc5
15. dxc5 Ba7 16. Nb5 Be4 17. Qxd7 Nxd7 18. Rad1 Bxg2 19. Kxg2 Re7 20. b4 Nde5
21. Nf4 Nc4 22. Bc1 Rc8 23. Nd5 Re2 24. Ndxc7 Bb8 25. Rfe1 Rxe1 26. Rxe1 axb4
27. axb4 Bxc7 28. Nxc7 Nxb4 29. Re4 Nc6 30. Rxc4 Rxc7 31. Bf4 Rd7 32. Rc3 f5
33. Be3 1/2-1/2

[Event "España ch-2015 sub-18"]
[Site "Salobrena ESP"]
[Date "2015.07.29"]
[Round "4.36"]
[White "Ruiz Sicilia, Juan Carlos"]
[Black "De la Calle Fuentes, Sergio"]
[Result "1-0"]
[WhiteElo "1911"]
[BlackElo "1712"]
[PlyCount "65"]
[EventDate "2015.07.27"]
[EventType "swiss"]
[EventRounds "9"]
[EventCountry "ESP"]
[Source "lmi"]
[SourceDate "2015.07.27"]

1. c4 e5 2. Nc3 Nc6 3. Nf3 g6 4. g3 Bg7 5. Bg2 d6 6. d3 h6 7. Rb1 Rb8 8. O-O f5
9. Qc2 Nf6 10. b4 Ne7 11. Qa4+ Nd7 12. Bb2 O-O 13. Qxa7 Nb6 14. Qa3 Be6 15. Qb3
d5 16. cxd5 Nexd5 17. Nxd5 Bxd5 18. Qc2 e4 19. dxe4 Bxe4 20. Qb3+ Bd5 21. Qd1
Bxa2 22. Bxg7 Kxg7 23. Rc1 Qe7 24. Qd4+ Kg8 25. Rc2 Bb3 26. Rc3 Rfd8 27. Qc5
Qf7 28. Qxc7 Nd7 29. Qf4 g5 30. Qe3 Bd5 31. Rd1 Nf6 32. Qb6 Bc6 33. Rxd8+ 1-0

[Event "España ch-2015 sub-18"]
[Site "Salobrena ESP"]
[Date "2015.07.29"]
[Round "4.37"]
[White "Donadio Falcon, Pablo"]
[Black "Ferreiro Diaz, Miguel"]
[Result "0-1"]
[WhiteElo "1737"]
[BlackElo "1897"]
[PlyCount "46"]
[EventDate "2015.07.27"]
[EventType "swiss"]
[EventRounds "9"]
[EventCountry "ESP"]
[Source "lmi"]
[SourceDate "2015.07.27"]

1. e4 d5 2. exd5 Nf6 3. Bb5+ Nbd7 4. c4 a6 5. Bxd7+ Qxd7 6. d3 e6 7. dxe6 Qxe6+
8. Qe2 Qxe2+ 9. Kxe2 Bf5 10. Nf3 O-O-O 11. Rd1 Bc5 12. Be3 Rhe8 13. d4 Bd6 14.
h3 Nh5 15. Kf1 Ng3+ 16. Kg1 Bb4 17. a3 Bc2 18. axb4 Bxd1 19. Nbd2 Bc2 20. Re1
Nf5 21. b3 Nxd4 22. Nxd4 Rxd4 23. Rc1 Rxe3 0-1

[Event "España ch-2015 sub-18"]
[Site "Salobrena ESP"]
[Date "2015.07.29"]
[Round "4.38"]
[White "Cruz Fernandez, Sergio"]
[Black "Antunez Muñoz, Ines"]
[Result "1/2-1/2"]
[WhiteElo "1732"]
[BlackElo "1873"]
[PlyCount "159"]
[EventDate "2015.07.27"]
[EventType "swiss"]
[EventRounds "9"]
[EventCountry "ESP"]
[Source "lmi"]
[SourceDate "2015.07.27"]

1. c4 e5 2. Nc3 Nf6 3. g3 Bb4 4. Bg2 O-O 5. e3 Bxc3 6. bxc3 e4 7. Ne2 Re8 8.
Nf4 Nc6 9. Nd5 d6 10. Ba3 Ne5 11. O-O Nxc4 12. Nxf6+ Qxf6 13. Qa4 Be6 14. Bc1
Bd5 15. f3 Nb6 16. Qd1 exf3 17. Bxf3 Qe6 18. d3 Bxf3 19. Qxf3 d5 20. Bd2 Nd7
21. Rab1 b6 22. Rb4 Ne5 23. Qe2 Qg6 24. Rbf4 Re7 25. e4 Rae8 26. d4 Nc4 27. e5
Qc2 28. R4f2 Qxd2 29. Qxd2 Nxd2 30. Rxd2 Re6 31. Rdf2 R8e7 32. Rf3 Rc6 33. R1f2
h6 34. Kg2 Rc4 35. Rd2 c5 36. g4 cxd4 37. cxd4 Rec7 38. Ra3 Rc3 39. Ra6 Kh7 40.
h4 Kg6 41. Ra4 R3c4 42. Ra3 Rc3 43. Ra4 Re3 44. Rf2 Rd3 45. Rb4 Rc4 46. Rxc4
dxc4 47. h5+ Kh7 48. Rxf7 Rxd4 49. Rxa7 Re4 50. Rc7 Rxe5 51. Rxc4 Re2+ 52. Kf3
Rxa2 53. Rb4 Ra6 54. Rb5 Kg8 55. Ke4 Kf7 56. Rb4 Ke6 57. Rb5 Kd6 58. g5 Ra4+
59. Kf3 Kc6 60. gxh6 gxh6 61. Rf5 Rd4 62. Ke3 Rd6 63. Ke4 b5 64. Rf2 b4 65. Rf5
Kb6 66. Ke5 Rc6 67. Kd4 Ka6 68. Re5 Rb6 69. Re2 b3 70. Kc3 Kb7 71. Rb2 Kc6 72.
Rxb3 Rxb3+ 73. Kxb3 Kd5 74. Kc3 Ke5 75. Kd3 Kf5 76. Ke3 Kg4 77. Kf2 Kxh5 78.
Kg2 Kg4 79. Kh2 h5 80. Kh1 1/2-1/2

[Event "España ch-2015 sub-18"]
[Site "Salobrena ESP"]
[Date "2015.07.29"]
[Round "4.39"]
[White "Tevar Becerra, Alvaro"]
[Black "Garreta Nieto, Maria"]
[Result "0-1"]
[WhiteElo "1857"]
[BlackElo "1627"]
[PlyCount "92"]
[EventDate "2015.07.27"]
[EventType "swiss"]
[EventRounds "9"]
[EventCountry "ESP"]
[Source "lmi"]
[SourceDate "2015.07.27"]

1. e4 d5 2. exd5 Qxd5 3. Nc3 Qd6 4. d4 Nf6 5. h3 g6 6. Nf3 Bg7 7. Bc4 O-O 8.
O-O a6 9. Bg5 b5 10. Bb3 Bb7 11. Ne5 c5 12. Bxf7+ Rxf7 13. Nxf7 Kxf7 14. dxc5
Qxc5 15. Qd2 b4 16. Bxf6 Bxf6 17. Nd1 Kg7 18. Re1 Qc6 19. f3 Qb6+ 20. Kh1 Nc6
21. c3 Rd8 22. Qf4 Rd7 23. Re6 Qd8 24. Qc1 Ne5 25. f4 Rd2 26. Ne3 Bxg2+ 27.
Nxg2 Qd5 28. Qxd2 Qxd2 29. fxe5 Kf7 30. Rb6 bxc3 31. bxc3 Qxc3 32. Rf1 Qxe5 33.
Rfb1 Qa5 34. a4 Qxa4 35. R6b4 Qa2 36. Rf1 a5 37. Rbf4 a4 38. R1f2 Qb1+ 39. Rf1
Qb5 40. Ra1 Kg7 41. Rg1 a3 42. Ne3 a2 43. Nf5+ Kg8 44. Nh6+ Kh8 45. Nf7+ Kg7
46. Ng5 Bxg5 0-1

[Event "España ch-2015 sub-18"]
[Site "Salobrena ESP"]
[Date "2015.07.29"]
[Round "4.40"]
[White "Arrese-Igor Royuela, Alex"]
[Black "Perez Gonzalez, Daniel"]
[Result "0-1"]
[WhiteElo "1693"]
[BlackElo "1852"]
[PlyCount "72"]
[EventDate "2015.07.27"]
[EventType "swiss"]
[EventRounds "9"]
[EventCountry "ESP"]
[Source "lmi"]
[SourceDate "2015.07.27"]

1. d4 Nf6 2. Nf3 c5 3. e3 e6 4. Bd3 d5 5. c3 Be7 6. Nbd2 O-O 7. O-O b6 8. dxc5
bxc5 9. e4 Bb7 10. Re1 Nc6 11. Bc2 Qc7 12. Nb3 Rfd8 13. e5 Ne4 14. Bf4 a5 15.
a4 c4 16. Nbd4 Nxd4 17. Nxd4 Rab8 18. Qg4 Bf8 19. Re3 g6 20. h4 h5 21. Qh3 Kh7
22. f3 Nc5 23. g4 Bh6 24. Qg3 Rg8 25. gxh5 Nd3 26. Bxh6 Kxh6 27. Qg5+ Kh7 28.
h6 Ba6 29. Rb1 Qd8 30. Qg4 Qf8 31. Bxd3 cxd3 32. f4 Qxh6 33. Nf3 Qh5 34. Ng5+
Kg7 35. Nxe6+ fxe6 36. Qxe6 d2 0-1

[Event "España ch-2015 sub-18"]
[Site "Salobrena ESP"]
[Date "2015.07.29"]
[Round "5.1"]
[White "Suarez Gomez, Julio"]
[Black "Balbuena Fuentes, Mario"]
[Result "1/2-1/2"]
[WhiteElo "2400"]
[BlackElo "2265"]
[PlyCount "95"]
[EventDate "2015.07.27"]
[EventType "swiss"]
[EventRounds "9"]
[EventCountry "ESP"]
[Source "lmi"]
[SourceDate "2015.07.27"]

1. e4 e6 2. d4 d5 3. Nc3 Nf6 4. Bd3 dxe4 5. Nxe4 Nxe4 6. Bxe4 Nd7 7. Qe2 Be7 8.
Nf3 c5 9. Be3 Nf6 10. Bd3 Qc7 11. O-O-O Bd7 12. Ne5 cxd4 13. Bxd4 O-O 14. h4
Bc6 15. Nxc6 Qxc6 16. Kb1 Rfd8 17. Be5 a6 18. g4 Nd7 19. Be4 Qb6 20. Bd4 Bc5
21. Bc3 Be7 22. Qf3 Bf6 23. Bxf6 Nxf6 24. Bd3 Nd7 25. h5 Ne5 26. Bxh7+ Kxh7 27.
Qe4+ Kg8 28. Qxe5 Rxd1+ 29. Rxd1 Qxf2 30. Qe4 Rc8 31. b3 b5 32. Rh1 Qd2 33. Rf1
Rc7 34. Rc1 Qd5 35. Qe3 Qc5 36. Qe4 Qc6 37. Qf4 a5 38. h6 gxh6 39. Qxh6 a4 40.
Qg5+ Kf8 41. Qd8+ Kg7 42. Qd4+ Kf8 43. bxa4 bxa4 44. c4 Rd7 45. Qh8+ Ke7 46.
Qh4+ Kf8 47. g5 Rd2 48. Qh8+ 1/2-1/2

[Event "España ch-2015 sub-18"]
[Site "Salobrena ESP"]
[Date "2015.07.29"]
[Round "5.2"]
[White "Bernabeu Lopez, Carlos Javier"]
[Black "Rubio Tent, Francisco"]
[Result "1-0"]
[WhiteElo "2142"]
[BlackElo "2275"]
[PlyCount "62"]
[EventDate "2015.07.27"]
[EventType "swiss"]
[EventRounds "9"]
[EventCountry "ESP"]
[Source "lmi"]
[SourceDate "2015.07.27"]

1. e4 c6 2. d4 d5 3. e5 Bf5 4. Nf3 e6 5. Be2 Nd7 6. O-O Ne7 7. Be3 Bg6 8. Nbd2
Nf5 9. c4 dxc4 10. Bg5 Qc7 11. Nxc4 h6 12. Bf4 Be7 13. g4 Nh4 14. Nd6+ Kf8 15.
Nxh4 Bxh4 16. Bg3 Be7 17. f4 Bxd6 18. f5 Nxe5 19. dxe5 Bc5+ 20. Kh1 exf5 21.
gxf5 Bh7 22. Qc2 Be7 23. Qc4 Rd8 24. Qg4 Rg8 25. Bc4 Bc5 26. Rad1 Rxd1 27. Rxd1
Qc8 28. e6 b5 29. Qh5 fxe6 30. Rf1 Bxf5 31. Qd1 Qd8 1-0